000 00490pab a2200181 454500
008 180718b2009 xxu||||| |||| 00| 0 eng d
100 _aYe, Lin
245 _aRegional government and governance in China and the United States
260 _c2009
300 _ap.S116-S21.
362 _aDec
650 _aLocal government - China
650 _aLocal government - United States
650 _aLocal government
773 _aPublic Administration Review
908 _aN
909 _a84993
999 _c84993
_d84993